000 00709cab a2200253 4500
001 WB2922-41
008 090401t1993 xxu||||| |||| 00| 0 eng d
035 _a(Sirsi) u48390
041 _aeng
245 _aSoil pollution by petrol stations
260 _c1993
350 _a0
490 _aENDS Report
_v(220) May 1993, 6-7(1)
520 _aReview of a new study into leaks of petrol from filling stations and their effects on surrounding land.
650 _aCONTAMINATED LAND
650 _aGARAGES
650 _aGROUNDWATER CONTAMINATION
650 _aPETROL FILLING STATIONS
650 _aPOLLUTION
650 _aSOIL CONTAMINATION
690 _aLAND
942 _n0
948 _c04/03/1997
999 _c30400
_d30400